The environmental handbook : Action guide for the U.K.

محفوظ في:
التفاصيل البيبلوغرافية
المؤلف الرئيسي: Barr, John
التنسيق: كتاب
اللغة:Undetermined
منشور في: London A Ballantine Friends of the Earth Book 1971
الموضوعات:
الوسوم: إضافة وسم
لا توجد وسوم, كن أول من يضع وسما على هذه التسجيلة!
Thư viện lưu trữ: Trung tâm Học liệu Trường Đại học Cần Thơ
LEADER 00505nam a2200181Ia 4500
001 CTU_78625
008 210402s9999 xx 000 0 und d
082 |a 363.73 
082 |b B268 
100 |a Barr, John 
245 4 |a The environmental handbook : 
245 0 |b Action guide for the U.K. 
245 0 |c John Barr 
260 |a London 
260 |b A Ballantine Friends of the Earth Book 
260 |c 1971 
650 |a Ecology,Environmental 
980 |a Trung tâm Học liệu Trường Đại học Cần Thơ